000 01424nam a22003977a 4500
003 CHAP
005 20220329141248.0
008 971010s1981 r 00010 d
010 _a65357
011 _a66329
035 _a74435
040 _cCHAP
090 _aTesis
100 0 0 _aCano Londoño, Hernán.
_918406
245 _aEvaluación de rebanadas de mango (cv. Tommy Atkins y Kent) conservadas en almíbar
260 _aChapingo, Méx. :
_bEl autor,
_c1981
300 _a105 h.
_b: ilus.
502 _aTesis (Ing. Agr. Esp. en Industrias Agrícolas) -- UACH. Departamento de Industrias Agrícolas
590 _aALEPH
_b10
_c20130110
_lUCH01
_h1356
590 _aBATCH-UPD
_b10
_c20130110
_lUCH01
_h0432
590 _aBATCH-UPD
_b10
_c20130410
_lUCH01
_h0107
590 _aBATCH-UPD
_b10
_c20130914
_lUCH01
_h0833
590 _aCONVERSION
_b10
_c20130109
_lUCH01
_h1336
650 1 4 _aMango
_xProcesado.
_970452
901 _aBK
942 _cFOLL
949 _bBC
_cTES
_d-138589
_eTS1
_i74435
_si
949 _bBC
_cTES
_d-138590
_eTS2
_fc.2
_i74435
_si
949 _bBC
_cTES
_d-138591
_eTS2
_fc.3
_h21802
_i74435
_si
949 _bIA
_cTESBD
_d-63999
_eTS2
_fc.2
_i74435
_si
949 _bIA
_cTESBD
_d-64001
_eTS2
_fc.3
_i74435
_si
949 _bIA
_cTESBD
_d-64003
_eTS2
_fc.4
_i74435
_si
949 _bIA
_cTESBD
_d-64005
_eTS2
_fc.5
_i74435
_si
949 _bIA
_cTESBD
_d-7305
_eTS1
_i74435
_si
949 _bZA
_cTESBD
_d-8735
_eTS1
_h79
_i74435
_si
999 _c65357
_d65357